[Event "Deutsche Ländermeisterschaft 2025"]
[Site "Oer-Erkenschwick GER"]
[Date "2025.10.02"]
[Round "3"]
[White "Gusev, Daniil"]
[Black "Neumann, Helena"]
[Result "1-0"]
[Termination "normal"]
[Board "1.5"]
[BlackTitle "WFM"]
[WhiteElo "1964"]
[BlackElo "2126"]
[WhiteClock "00:03:06"]
[BlackClock "00:30:20"]
[WhiteTeam "Baden"]
[BlackTeam "Nordrhein-Westfalen 1"]
[PlyCount "63"]
[WhiteFideId "55683886"]
[BlackFideId "16275365"]
[EventCountry "GER"]
[EventRounds "7"]
[EventType "team-swiss"]
[EventDate "2025.09.30"]

1. e4 {[%clk 01:30:57]} {[%emt 00:00:02]} c6 {[%clk 01:30:56]} {[%emt
00:00:04]} 2. d4 {[%clk 01:31:23]} {[%emt 00:00:04]} d5 {[%clk 01:31:22]}
{[%emt 00:00:04]} 3. exd5 {[%clk 01:31:50]} {[%emt 00:00:04]} cxd5 {[%clk
01:31:48]} {[%emt 00:00:04]} 4. Nf3 {[%clk 01:32:18]} {[%emt 00:00:03]} Nc6
{[%clk 01:32:12]} {[%emt 00:00:06]} 5. Ne5 {[%clk 01:32:26]} {[%emt 00:00:22]}
a6 {[%clk 01:32:38]} {[%emt 00:00:03]} 6. c3 {[%clk 01:32:09]} {[%emt
00:00:47]} Bf5 {[%clk 01:31:44]} {[%emt 00:01:24]} 7. Be2 {[%clk 00:58:50]}
{[%emt 00:33:49]} e6 {[%clk 01:28:48]} {[%emt 00:03:26]} 8. Nd2 {[%clk
00:57:20]} {[%emt 00:02:01]} Qc7 {[%clk 01:26:12]} {[%emt 00:03:06]} 9. Ndf3
{[%clk 00:54:27]} {[%emt 00:03:23]} Bd6 {[%clk 01:25:32]} {[%emt 00:01:09]} 10.
O-O {[%clk 00:54:11]} {[%emt 00:00:45]} Nxe5 {[%clk 01:22:09]} {[%emt
00:03:54]} 11. dxe5 {[%clk 00:45:39]} {[%emt 00:09:03]} Bc5 {[%clk 01:16:17]}
{[%emt 00:06:22]} 12. Nd4 {[%clk 00:44:39]} {[%emt 00:01:30]} Qxe5 {[%clk
01:11:54]} {[%emt 00:04:53]} 13. Nxf5 {[%clk 00:40:59]} {[%emt 00:04:10]} Qxf5
{[%clk 01:08:50]} {[%emt 00:03:35]} 14. Qa4+ {[%clk 00:40:10]} {[%emt
00:01:19]} Ke7 {[%clk 01:05:34]} {[%emt 00:03:45]} 15. Qb3 {[%clk 00:35:07]}
{[%emt 00:05:34]} b6 {[%clk 01:01:43]} {[%emt 00:04:21]} 16. Be3 {[%clk
00:34:43]} {[%emt 00:00:54]} Nf6 {[%clk 01:00:01]} {[%emt 00:02:12]} 17. Bxa6
{[%clk 00:31:40]} {[%emt 00:03:33]} Bxe3 {[%clk 00:54:53]} {[%emt 00:05:38]}
18. fxe3 {[%clk 00:31:57]} {[%emt 00:00:12]} Qe5 {[%clk 00:55:17]} {[%emt
00:00:06]} 19. Bb5 {[%clk 00:16:23]} {[%emt 00:16:04]} Qxe3+ {[%clk 00:49:28]}
{[%emt 00:06:19]} 20. Kh1 {[%clk 00:16:47]} {[%emt 00:00:05]} Ne4 {[%clk
00:48:07]} {[%emt 00:01:52]} 21. Qc2 {[%clk 00:04:02]} {[%emt 00:13:15]} h5
{[%clk 00:42:21]} {[%emt 00:06:15]} 22. Bd3 {[%clk 00:02:47]} {[%emt 00:01:46]}
Nc5 {[%clk 00:41:29]} {[%emt 00:01:22]} 23. Bb5 {[%clk 00:02:58]} {[%emt
00:00:19]} Ne4 {[%clk 00:38:21]} {[%emt 00:03:38]} 24. Bd3 {[%clk 00:02:42]}
{[%emt 00:00:45]} h4 {[%clk 00:38:38]} {[%emt 00:00:12]} 25. Bxe4 {[%clk
00:02:01]} {[%emt 00:01:12]} Qxe4 {[%clk 00:32:43]} {[%emt 00:06:26]} 26. Qf2
{[%clk 00:02:02]} {[%emt 00:00:28]} f5 {[%clk 00:33:06]} {[%emt 00:00:07]} 27.
Rae1 {[%clk 00:01:45]} {[%emt 00:00:47]} Qg4 {[%clk 00:30:27]} {[%emt
00:03:09]} 28. Qxb6 {[%clk 00:01:57]} {[%emt 00:00:18]} Qg6 {[%clk 00:30:41]}
{[%emt 00:00:16]} 29. Qc7+ {[%clk 00:01:55]} {[%emt 00:00:32]} Kf6 {[%clk
00:29:39]} {[%emt 00:01:32]} 30. Rxe6+ {[%clk 00:02:14]} {[%emt 00:00:12]} Kxe6
{[%clk 00:29:58]} {[%emt 00:00:10]} 31. Re1+ {[%clk 00:02:39]} {[%emt
00:00:05]} Kf6 {[%clk 00:30:20]} {[%emt 00:00:08]} 32. Qe7# {[%clk 00:03:06]}
{[%emt 00:00:04]} 1-0

[Event "Deutsche Ländermeisterschaft 2025"]
[Site "Oer-Erkenschwick GER"]
[Date "2025.10.02"]
[Round "3"]
[White "Müller, Konstantin"]
[Black "Gade, Niels Severin"]
[Result "0-1"]
[Termination "normal"]
[Board "1.6"]
[WhiteElo "2035"]
[BlackElo "1908"]
[WhiteClock "00:10:21"]
[BlackClock "00:23:55"]
[WhiteTeam "Nordrhein-Westfalen 1"]
[BlackTeam "Baden"]
[PlyCount "94"]
[WhiteFideId "34661778"]
[BlackFideId "1346563"]
[EventCountry "GER"]
[EventRounds "7"]
[EventType "team-swiss"]
[EventDate "2025.09.30"]

1. e4 {[%clk 01:30:57]} {[%emt 00:00:02]} c5 {[%clk 01:30:48]} {[%emt
00:00:13]} 2. Nf3 {[%clk 01:31:14]} {[%emt 00:00:14]} d6 {[%clk 01:31:07]}
{[%emt 00:00:10]} 3. d4 {[%clk 01:31:37]} {[%emt 00:00:07]} cxd4 {[%clk
01:31:28]} {[%emt 00:00:10]} 4. Nxd4 {[%clk 01:32:02]} {[%emt 00:00:05]} Nf6
{[%clk 01:31:41]} {[%emt 00:00:17]} 5. Nc3 {[%clk 01:32:26]} {[%emt 00:00:05]}
a6 {[%clk 01:31:57]} {[%emt 00:00:14]} 6. h3 {[%clk 01:32:47]} {[%emt
00:00:09]} e5 {[%clk 01:30:25]} {[%emt 00:02:02]} 7. Nb3 {[%clk 01:33:04]}
{[%emt 00:00:14]} h6 {[%clk 01:29:04]} {[%emt 00:01:51]} 8. g4 {[%clk
01:33:04]} {[%emt 00:00:29]} Be7 {[%clk 01:25:09]} {[%emt 00:04:26]} 9. Be3
{[%clk 01:32:19]} {[%emt 00:01:14]} Be6 {[%clk 01:23:39]} {[%emt 00:02:00]} 10.
Qf3 {[%clk 01:30:28]} {[%emt 00:02:22]} Qc7 {[%clk 01:19:49]} {[%emt 00:04:19]}
11. Bd3 {[%clk 01:18:13]} {[%emt 00:12:45]} Nbd7 {[%clk 01:16:57]} {[%emt
00:03:22]} 12. Nd5 {[%clk 01:02:30]} {[%emt 00:16:13]} Bxd5 {[%clk 01:16:58]}
{[%emt 00:00:29]} 13. exd5 {[%clk 01:02:51]} {[%emt 00:00:09]} b5 {[%clk
01:13:21]} {[%emt 00:04:07]} 14. O-O {[%clk 01:00:14]} {[%emt 00:03:07]} g6
{[%clk 01:00:40]} {[%emt 00:13:10]} 15. a4 {[%clk 00:58:24]} {[%emt 00:02:20]}
b4 {[%clk 00:58:52]} {[%emt 00:02:19]} 16. a5 {[%clk 00:56:13]} {[%emt
00:02:41]} Qb7 {[%clk 00:52:48]} {[%emt 00:06:34]} 17. Rfd1 {[%clk 00:54:32]}
{[%emt 00:02:11]} Kf8 {[%clk 00:50:19]} {[%emt 00:02:59]} 18. Bf1 {[%clk
00:48:07]} {[%emt 00:06:55]} Kg7 {[%clk 00:49:38]} {[%emt 00:01:12]} 19. Ra4
{[%clk 00:45:09]} {[%emt 00:03:26]} Nc5 {[%clk 00:45:49]} {[%emt 00:04:19]} 20.
Bxc5 {[%clk 00:33:14]} {[%emt 00:12:26]} dxc5 {[%clk 00:46:10]} {[%emt
00:00:08]} 21. Qe3 {[%clk 00:31:34]} {[%emt 00:02:11]} Qc7 {[%clk 00:45:34]}
{[%emt 00:01:06]} 22. Bc4 {[%clk 00:30:52]} {[%emt 00:01:12]} Bd6 {[%clk
00:44:21]} {[%emt 00:01:43]} 23. Qe2 {[%clk 00:27:51]} {[%emt 00:03:31]} Qb7
{[%clk 00:42:38]} {[%emt 00:02:13]} 24. Raa1 {[%clk 00:27:45]} {[%emt
00:00:36]} Rhe8 {[%clk 00:40:50]} {[%emt 00:02:18]} 25. Nd2 {[%clk 00:26:59]}
{[%emt 00:01:15]} Re7 {[%clk 00:38:14]} {[%emt 00:03:06]} 26. Bb3 {[%clk
00:25:19]} {[%emt 00:02:11]} Rd8 {[%clk 00:34:55]} {[%emt 00:03:49]} 27. Bc4
{[%clk 00:22:41]} {[%emt 00:03:09]} Ra8 {[%clk 00:35:05]} {[%emt 00:00:18]} 28.
Nf1 {[%clk 00:19:47]} {[%emt 00:03:24]} e4 {[%clk 00:33:41]} {[%emt 00:01:55]}
29. Ne3 {[%clk 00:19:58]} {[%emt 00:00:19]} Nd7 {[%clk 00:32:31]} {[%emt
00:01:39]} 30. Bb3 {[%clk 00:16:48]} {[%emt 00:03:41]} Ne5 {[%clk 00:30:50]}
{[%emt 00:02:12]} 31. Nc4 {[%clk 00:16:21]} {[%emt 00:00:58]} Nf3+ {[%clk
00:31:00]} {[%emt 00:00:19]} 32. Kg2 {[%clk 00:16:18]} {[%emt 00:00:33]} Qc7
{[%clk 00:30:48]} {[%emt 00:00:42]} 33. c3 {[%clk 00:14:37]} {[%emt 00:02:11]}
f5 {[%clk 00:27:42]} {[%emt 00:03:36]} 34. Nd2 {[%clk 00:10:12]} {[%emt
00:04:56]} fxg4 {[%clk 00:26:48]} {[%emt 00:01:23]} 35. hxg4 {[%clk 00:10:21]}
{[%emt 00:00:21]} Qd7 {[%clk 00:23:55]} {[%emt 00:03:23]} 36. Rh1 Qxg4+ {[%clk
00:23:55]} 37. Kf1 Rf8 {[%clk 00:23:55]} 38. Nc4 Bh2 {[%clk 00:23:55]} 39. Qe3
Ref7 {[%clk 00:23:55]} 40. Bc2 Rf4 {[%clk 00:23:55]} 41. Bd1 Qh3+ {[%clk
00:23:55]} 42. Ke2 Qg2 {[%clk 00:23:55]} 43. Rf1 Bg3 {[%clk 00:23:55]} 44. Bb3
Ng1+ {[%clk 00:23:55]} 45. Kd2 Rxf2+ {[%clk 00:23:55]} 46. Rxf2 Rxf2+ {[%clk
00:23:55]} 47. Kc1 Bf4 {[%clk 00:23:55]} 0-1

[Event "Deutsche Ländermeisterschaft 2025"]
[Site "Oer-Erkenschwick GER"]
[Date "2025.10.02"]
[Round "3"]
[White "Färber, Anna"]
[Black "Schirmbeck, Lilian"]
[Result "0-1"]
[Termination "normal"]
[Board "1.7"]
[BlackTitle "WCM"]
[WhiteElo "1780"]
[BlackElo "1927"]
[WhiteClock "00:01:28"]
[BlackClock "00:18:32"]
[WhiteTeam "Baden"]
[BlackTeam "Nordrhein-Westfalen 1"]
[PlyCount "146"]
[WhiteFideId "34633480"]
[BlackFideId "34620532"]
[EventCountry "GER"]
[EventRounds "7"]
[EventType "team-swiss"]
[EventDate "2025.09.30"]

1. e4 {[%clk 01:30:56]} {[%emt 00:00:04]} c6 {[%clk 01:30:54]} {[%emt
00:00:06]} 2. d4 {[%clk 01:31:20]} {[%emt 00:00:06]} d5 {[%clk 01:31:23]}
{[%emt 00:00:02]} 3. e5 {[%clk 01:31:42]} {[%emt 00:00:07]} Bf5 {[%clk
01:31:51]} {[%emt 00:00:02]} 4. h4 {[%clk 01:32:00]} {[%emt 00:00:12]} h5
{[%clk 01:32:04]} {[%emt 00:00:16]} 5. Bd3 {[%clk 01:32:28]} {[%emt 00:00:03]}
Bxd3 {[%clk 01:32:26]} {[%emt 00:00:08]} 6. Qxd3 {[%clk 01:32:54]} {[%emt
00:00:05]} Qa5+ {[%clk 01:32:44]} {[%emt 00:00:11]} 7. Nd2 {[%clk 01:33:02]}
{[%emt 00:00:22]} e6 {[%clk 01:32:49]} {[%emt 00:00:26]} 8. Ngf3 {[%clk
01:32:48]} {[%emt 00:00:43]} Nh6 {[%clk 01:32:25]} {[%emt 00:00:54]} 9. O-O
{[%clk 01:32:14]} {[%emt 00:01:05]} Qa6 {[%clk 01:28:11]} {[%emt 00:04:44]} 10.
c4 {[%clk 01:30:43]} {[%emt 00:02:00]} Nf5 {[%clk 01:28:01]} {[%emt 00:00:39]}
11. b3 {[%clk 01:28:45]} {[%emt 00:02:30]} Be7 {[%clk 01:26:11]} {[%emt
00:02:20]} 12. g3 {[%clk 01:27:54]} {[%emt 00:01:21]} O-O {[%clk 01:24:27]}
{[%emt 00:02:15]} 13. Rd1 {[%clk 01:14:09]} {[%emt 00:14:14]} Nd7 {[%clk
01:22:06]} {[%emt 00:02:51]} 14. Nf1 {[%clk 01:12:19]} {[%emt 00:02:20]} Nb6
{[%clk 01:16:46]} {[%emt 00:05:50]} 15. c5 {[%clk 01:09:37]} {[%emt 00:03:13]}
Qxd3 {[%clk 01:16:53]} {[%emt 00:00:23]} 16. Rxd3 {[%clk 01:10:02]} {[%emt
00:00:05]} Nd7 {[%clk 01:17:11]} {[%emt 00:00:10]} 17. Ne3 {[%clk 01:07:29]}
{[%emt 00:03:04]} Nxe3 {[%clk 01:12:19]} {[%emt 00:05:22]} 18. Bxe3 {[%clk
01:07:28]} {[%emt 00:00:31]} b6 {[%clk 01:08:55]} {[%emt 00:03:55]} 19. b4
{[%clk 01:05:38]} {[%emt 00:02:20]} a5 {[%clk 01:05:47]} {[%emt 00:03:38]} 20.
bxa5 {[%clk 00:59:52]} {[%emt 00:06:16]} bxc5 {[%clk 01:02:36]} {[%emt
00:03:41]} 21. dxc5 {[%clk 00:54:22]} {[%emt 00:06:00]} Rxa5 {[%clk 01:02:17]}
{[%emt 00:00:49]} 22. Rc3 {[%clk 00:51:17]} {[%emt 00:03:34]} Rfa8 {[%clk
00:51:21]} {[%emt 00:11:25]} 23. a3 {[%clk 00:47:05]} {[%emt 00:04:45]} f6
{[%clk 00:33:48]} {[%emt 00:18:02]} 24. Bd4 {[%clk 00:39:41]} {[%emt 00:07:53]}
Kf7 {[%clk 00:29:19]} {[%emt 00:04:59]} 25. Kg2 {[%clk 00:36:01]} {[%emt
00:04:09]} fxe5 {[%clk 00:23:37]} {[%emt 00:06:13]} 26. Nxe5+ {[%clk 00:29:15]}
{[%emt 00:07:16]} Nxe5 {[%clk 00:24:06]} {[%emt 00:00:02]} 27. Bxe5 {[%clk
00:29:38]} {[%emt 00:00:07]} Bf6 {[%clk 00:24:03]} {[%emt 00:00:33]} 28. f4
{[%clk 00:24:23]} {[%emt 00:05:44]} Ra4 {[%clk 00:18:07]} {[%emt 00:06:26]} 29.
Rb1 {[%clk 00:20:29]} {[%emt 00:04:23]} Bxe5 {[%clk 00:13:36]} {[%emt
00:05:02]} 30. fxe5 {[%clk 00:20:53]} {[%emt 00:00:06]} Rxa3 {[%clk 00:13:49]}
{[%emt 00:00:18]} 31. Rxa3 {[%clk 00:18:54]} {[%emt 00:02:28]} Rxa3 {[%clk
00:14:17]} {[%emt 00:00:01]} 32. Rb6 {[%clk 00:18:22]} {[%emt 00:01:02]} Re3
{[%clk 00:13:07]} {[%emt 00:01:40]} 33. Rxc6 {[%clk 00:18:27]} {[%emt
00:00:26]} Rxe5 {[%clk 00:13:32]} {[%emt 00:00:04]} 34. Rc7+ {[%clk 00:13:18]}
{[%emt 00:05:39]} Kf6 {[%clk 00:12:10]} {[%emt 00:01:51]} 35. Kf3 {[%clk
00:12:01]} {[%emt 00:01:46]} Re4 {[%clk 00:11:49]} {[%emt 00:00:53]} 36. c6
{[%clk 00:08:37]} {[%emt 00:03:54]} Rc4 {[%clk 00:12:01]} {[%emt 00:00:18]} 37.
Ke3 {[%clk 00:07:48]} {[%emt 00:01:17]} g5 {[%clk 00:10:51]} {[%emt 00:01:42]}
38. hxg5+ {[%clk 00:05:03]} {[%emt 00:03:15]} Kxg5 {[%clk 00:11:20]} {[%emt
00:00:01]} 39. Rc8 {[%clk 00:02:49]} {[%emt 00:02:43]} Kf6 {[%clk 00:10:52]}
{[%emt 00:00:58]} 40. c7 {[%clk 00:02:36]} {[%emt 00:00:43]} Ke7 {[%clk
00:11:08]} {[%emt 00:00:15]} 41. Rh8 {[%clk 00:01:15]} {[%emt 00:01:50]} Rxc7
{[%clk 00:11:35]} {[%emt 00:00:04]} 42. Rxh5 {[%clk 00:01:32]} {[%emt
00:00:12]} Rc4 {[%clk 00:11:33]} {[%emt 00:00:33]} 43. Rh7+ {[%clk 00:00:34]}
{[%emt 00:01:27]} Kf6 {[%clk 00:11:11]} {[%emt 00:00:51]} 44. Rh6+ {[%clk
00:30:17]} {[%emt 00:00:48]} Ke5 {[%clk 00:38:52]} {[%emt 00:02:46]} 45. Rh5+
{[%clk 00:30:09]} {[%emt 00:00:40]} Kd6 {[%clk 00:37:28]} {[%emt 00:01:54]} 46.
Rh6 {[%clk 00:29:38]} {[%emt 00:01:02]} Rg4 {[%clk 00:35:11]} {[%emt 00:02:48]}
47. Kf3 {[%clk 00:29:26]} {[%emt 00:00:42]} Rg5 {[%clk 00:35:28]} {[%emt
00:00:13]} 48. g4 {[%clk 00:27:43]} {[%emt 00:02:12]} Ke5 {[%clk 00:35:39]}
{[%emt 00:00:20]} 49. Rh1 {[%clk 00:25:53]} {[%emt 00:02:19]} d4 {[%clk
00:32:08]} {[%emt 00:04:02]} 50. Re1+ {[%clk 00:25:43]} {[%emt 00:00:40]} Kd6
{[%clk 00:32:21]} {[%emt 00:00:18]} 51. Kf4 {[%clk 00:25:07]} {[%emt 00:01:06]}
Rg7 {[%clk 00:32:42]} {[%emt 00:00:05]} 52. g5 {[%clk 00:15:19]} {[%emt
00:10:21]} Rf7+ {[%clk 00:25:22]} {[%emt 00:07:52]} 53. Ke4 {[%clk 00:13:06]}
{[%emt 00:02:42]} e5 {[%clk 00:25:28]} {[%emt 00:00:24]} 54. Rg1 {[%clk
00:11:25]} {[%emt 00:02:11]} Ke6 {[%clk 00:25:20]} {[%emt 00:00:39]} 55. g6
{[%clk 00:10:44]} {[%emt 00:01:11]} Rf4+ {[%clk 00:25:43]} {[%emt 00:00:07]}
56. Kd3 {[%clk 00:11:04]} {[%emt 00:00:09]} Rf3+ {[%clk 00:26:05]} {[%emt
00:00:08]} 57. Ke2 {[%clk 00:10:35]} {[%emt 00:00:59]} Rf8 {[%clk 00:26:12]}
{[%emt 00:00:23]} 58. Kd3 {[%clk 00:08:54]} {[%emt 00:02:10]} Kd5 {[%clk
00:24:49]} {[%emt 00:01:54]} 59. Rg5 {[%clk 00:08:06]} {[%emt 00:01:15]} Ra8
{[%clk 00:22:53]} {[%emt 00:02:30]} 60. g7 {[%clk 00:05:41]} {[%emt 00:02:53]}
Rg8 {[%clk 00:23:15]} {[%emt 00:00:09]} 61. Rg1 {[%clk 00:04:24]} {[%emt
00:01:47]} e4+ {[%clk 00:23:21]} {[%emt 00:00:24]} 62. Kd2 {[%clk 00:03:52]}
{[%emt 00:01:01]} Ke5 {[%clk 00:22:57]} {[%emt 00:00:55]} 63. Rg4 {[%clk
00:01:41]} {[%emt 00:02:39]} Kf5 {[%clk 00:22:47]} {[%emt 00:00:43]} 64. Rg1
{[%clk 00:02:03]} {[%emt 00:00:07]} Kf4 {[%clk 00:22:45]} {[%emt 00:00:33]} 65.
Rf1+ {[%clk 00:02:17]} {[%emt 00:00:16]} Kg3 {[%clk 00:21:20]} {[%emt
00:01:46]} 66. Rg1+ {[%clk 00:01:58]} {[%emt 00:00:57]} Kf2 {[%clk 00:21:26]}
{[%emt 00:00:24]} 67. Rg4 {[%clk 00:01:37]} {[%emt 00:00:51]} Kf3 {[%clk
00:19:30]} {[%emt 00:02:27]} 68. Rg6 {[%clk 00:01:36]} {[%emt 00:00:31]} d3
{[%clk 00:16:54]} {[%emt 00:03:06]} 69. Rf6+ {[%clk 00:01:20]} {[%emt
00:00:46]} Kg4 {[%clk 00:17:15]} {[%emt 00:00:07]} 70. Ke3 {[%clk 00:01:29]}
{[%emt 00:00:21]} Rxg7 {[%clk 00:17:15]} {[%emt 00:00:31]} 71. Kxe4 {[%clk
00:01:19]} {[%emt 00:00:40]} d2 {[%clk 00:17:37]} {[%emt 00:00:08]} 72. Rf1
{[%clk 00:01:10]} {[%emt 00:00:38]} Re7+ {[%clk 00:18:05]} {[%emt 00:00:04]}
73. Kd3 {[%clk 00:01:28]} {[%emt 00:00:10]} Re1 {[%clk 00:18:32]} {[%emt
00:00:03]} 0-1

[Event "Deutsche Ländermeisterschaft 2025"]
[Site "Oer-Erkenschwick GER"]
[Date "2025.10.02"]
[Round "3"]
[White "Shynkar, Daria"]
[Black "Kübart, Ela Marie"]
[Result "1-0"]
[Termination "normal"]
[Board "1.8"]
[WhiteElo "1922"]
[BlackElo "1628"]
[WhiteClock "01:01:11"]
[BlackClock "00:18:18"]
[WhiteTeam "Nordrhein-Westfalen 1"]
[BlackTeam "Baden"]
[PlyCount "113"]
[WhiteFideId "34163212"]
[BlackFideId "34633723"]
[EventCountry "GER"]
[EventRounds "7"]
[EventType "team-swiss"]
[EventDate "2025.09.30"]

1. d4 {[%clk 01:30:58]} {[%emt 00:00:01]} Nf6 {[%clk 01:30:50]} {[%emt
00:00:10]} 2. c4 {[%clk 01:31:24]} {[%emt 00:00:05]} g6 {[%clk 01:30:57]}
{[%emt 00:00:23]} 3. Nc3 {[%clk 01:31:48]} {[%emt 00:00:05]} Bg7 {[%clk
01:29:43]} {[%emt 00:01:44]} 4. e4 {[%clk 01:32:12]} {[%emt 00:00:07]} d6
{[%clk 01:29:39]} {[%emt 00:00:32]} 5. h3 {[%clk 01:32:37]} {[%emt 00:00:06]}
Nbd7 {[%clk 01:25:20]} {[%emt 00:04:48]} 6. Be3 {[%clk 01:32:39]} {[%emt
00:00:29]} O-O {[%clk 01:25:26]} {[%emt 00:00:24]} 7. g4 {[%clk 01:32:49]}
{[%emt 00:00:21]} e5 {[%clk 01:23:49]} {[%emt 00:02:06]} 8. d5 {[%clk
01:33:13]} {[%emt 00:00:06]} b6 {[%clk 01:18:53]} {[%emt 00:05:25]} 9. Nge2
{[%clk 01:29:43]} {[%emt 00:04:02]} Nc5 {[%clk 01:18:50]} {[%emt 00:00:32]} 10.
Ng3 {[%clk 01:29:55]} {[%emt 00:00:19]} a5 {[%clk 01:14:23]} {[%emt 00:04:56]}
11. Qd2 {[%clk 01:28:57]} {[%emt 00:01:27]} Nfd7 {[%clk 01:11:28]} {[%emt
00:03:26]} 12. h4 {[%clk 01:27:35]} {[%emt 00:01:53]} f6 {[%clk 01:07:42]}
{[%emt 00:04:15]} 13. f3 {[%clk 01:23:48]} {[%emt 00:04:17]} Qe7 {[%clk
01:04:27]} {[%emt 00:03:44]} 14. Qh2 {[%clk 01:19:25]} {[%emt 00:04:55]} h6
{[%clk 01:01:57]} {[%emt 00:02:57]} 15. Qd2 {[%clk 01:15:48]} {[%emt 00:04:09]}
g5 {[%clk 00:58:45]} {[%emt 00:03:42]} 16. hxg5 {[%clk 01:15:20]} {[%emt
00:00:59]} fxg5 {[%clk 00:57:37]} {[%emt 00:01:38]} 17. Nf5 {[%clk 01:15:35]}
{[%emt 00:00:15]} Qf6 {[%clk 00:56:13]} {[%emt 00:01:54]} 18. Qh2 {[%clk
01:14:50]} {[%emt 00:01:15]} Kh7 {[%clk 00:55:44]} {[%emt 00:00:58]} 19. Qh5
{[%clk 01:14:41]} {[%emt 00:00:40]} Qg6 {[%clk 00:48:16]} {[%emt 00:07:58]} 20.
Qxg5 {[%clk 01:13:49]} {[%emt 00:01:22]} Qxg5 {[%clk 00:47:09]} {[%emt
00:01:36]} 21. Bxg5 {[%clk 01:14:11]} {[%emt 00:00:08]} Rh8 {[%clk 00:46:13]}
{[%emt 00:01:25]} 22. Bxh6 {[%clk 01:11:00]} {[%emt 00:03:44]} Kg6 {[%clk
00:43:48]} {[%emt 00:02:54]} 23. Nxg7 {[%clk 01:11:02]} {[%emt 00:00:28]} Rxh6
{[%clk 00:43:38]} {[%emt 00:00:40]} 24. Rxh6+ {[%clk 01:11:26]} {[%emt
00:00:06]} Kxh6 {[%clk 00:44:02]} {[%emt 00:00:06]} 25. Nf5+ {[%clk 01:11:52]}
{[%emt 00:00:04]} Kg5 {[%clk 00:44:13]} {[%emt 00:00:15]} 26. Kd2 {[%clk
01:11:40]} {[%emt 00:00:45]} Ba6 {[%clk 00:43:18]} {[%emt 00:01:25]} 27. Nb5
{[%clk 01:10:59]} {[%emt 00:01:12]} Bxb5 {[%clk 00:43:04]} {[%emt 00:00:43]}
28. cxb5 {[%clk 01:11:22]} {[%emt 00:00:07]} Rh8 {[%clk 00:43:14]} {[%emt
00:00:19]} 29. Be2 {[%clk 01:10:47]} {[%emt 00:01:05]} Nf6 {[%clk 00:40:28]}
{[%emt 00:03:14]} 30. Rc1 {[%clk 01:08:53]} {[%emt 00:02:27]} Rh2 {[%clk
00:38:26]} {[%emt 00:02:32]} 31. Ke3 {[%clk 01:07:14]} {[%emt 00:02:11]} Rh3
{[%clk 00:32:26]} {[%emt 00:06:29]} 32. Rg1 {[%clk 01:01:59]} {[%emt 00:05:45]}
Na4 {[%clk 00:26:24]} {[%emt 00:06:30]} 33. b3 {[%clk 00:58:46]} {[%emt
00:03:45]} Nc5 {[%clk 00:23:24]} {[%emt 00:03:30]} 34. Bf1 {[%clk 00:48:14]}
{[%emt 00:11:02]} Rh2 {[%clk 00:22:48]} {[%emt 00:01:04]} 35. Bg2 {[%clk
00:45:18]} {[%emt 00:03:28]} Rh7 {[%clk 00:19:14]} {[%emt 00:04:04]} 36. Rh1
{[%clk 00:42:54]} {[%emt 00:02:54]} Rxh1 {[%clk 00:18:36]} {[%emt 00:01:08]}
37. Bxh1 {[%clk 00:43:22]} {[%emt 00:00:01]} Kg6 {[%clk 00:16:05]} {[%emt
00:03:00]} 38. Ne7+ {[%clk 00:41:25]} {[%emt 00:02:28]} Kg5 {[%clk 00:16:04]}
{[%emt 00:00:29]} 39. Nc6 {[%clk 00:41:09]} {[%emt 00:00:49]} Ne8 {[%clk
00:10:31]} {[%emt 00:06:03]} 40. Bg2 {[%clk 00:38:46]} {[%emt 00:02:54]} Nf6
{[%clk 00:06:58]} {[%emt 00:04:03]} 41. Bf1 {[%clk 00:37:42]} {[%emt 00:01:34]}
Ne8 {[%clk 00:07:16]} {[%emt 00:00:12]} 42. Bc4 {[%clk 00:36:58]} {[%emt
00:01:14]} Nd7 {[%clk 00:06:16]} {[%emt 00:01:29]} 43. Nd8 {[%clk 00:35:51]}
{[%emt 00:01:38]} Ndf6 {[%clk 00:04:05]} {[%emt 00:02:40]} 44. Ne6+ {[%clk
00:34:40]} {[%emt 00:01:41]} Kg6 {[%clk 00:03:14]} {[%emt 00:01:21]} 45. a4
{[%clk 00:33:13]} {[%emt 00:01:58]} Nh7 {[%clk 00:29:55]} {[%emt 00:03:48]} 46.
f4 {[%clk 01:00:51]} {[%emt 00:02:53]} Nhf6 {[%clk 00:26:35]} {[%emt 00:03:51]}
47. f5+ {[%clk 01:00:17]} {[%emt 00:01:04]} Kf7 {[%clk 00:25:32]} {[%emt
00:01:30]} 48. g5 {[%clk 01:00:26]} {[%emt 00:00:24]} Nd7 {[%clk 00:25:15]}
{[%emt 00:00:45]} 49. Kf3 {[%clk 01:00:20]} {[%emt 00:00:36]} Nc5 {[%clk
00:23:23]} {[%emt 00:02:23]} 50. Nxc5 {[%clk 01:00:01]} {[%emt 00:00:49]} bxc5
{[%clk 00:23:38]} {[%emt 00:00:14]} 51. Kg4 {[%clk 00:59:55]} {[%emt 00:00:37]}
Kg7 {[%clk 00:21:14]} {[%emt 00:02:54]} 52. Kh5 {[%clk 00:59:40]} {[%emt
00:00:45]} Kh7 {[%clk 00:20:11]} {[%emt 00:01:32]} 53. f6 {[%clk 00:59:39]}
{[%emt 00:00:31]} Kg8 {[%clk 00:18:52]} {[%emt 00:01:50]} 54. Kg6 {[%clk
01:00:03]} {[%emt 00:00:06]} Kf8 {[%clk 00:18:58]} {[%emt 00:00:24]} 55. Be2
{[%clk 01:00:24]} {[%emt 00:00:09]} c4 {[%clk 00:18:12]} {[%emt 00:01:16]} 56.
bxc4 {[%clk 01:00:46]} {[%emt 00:00:08]} c6 {[%clk 00:18:18]} {[%emt 00:00:24]}
57. b6 {[%clk 01:01:11]} {[%emt 00:00:05]} 1-0